Rzeczowniki na literę D - Statystyki

Ogólne statystyki
  • Ten quiz został rozwiązany 66 razy
  • Średni wynik to 35 z 98
Statystyki odpowiedzi
Odpowiedź % Poprawnych
dom
96%
dach
85%
drzewo
85%
dół
77%
dar
75%
deska
75%
dług
75%
drewno
71%
dzik
71%
danie
69%
droga
69%
dąb
65%
dzień
65%
data
63%
drabina
63%
drzwi
60%
duch
60%
deszcz
56%
dziecko
56%
dentysta
54%
dłuto
54%
dron
54%
dama
52%
dobro
52%
drozd
52%
dym
52%
dziadek
52%
drzazga
50%
dyrektor
50%
dziura
50%
doktor
48%
dramat
46%
dywan
46%
dzięcioł
46%
długopis
44%
dwór
44%
dziób
44%
doniczka
42%
demon
40%
doba
40%
drań
40%
dźwig
40%
dłoń
38%
dolina
38%
daktyl
35%
dostawa
35%
druk
35%
draż
33%
dermatolog
31%
diament
31%
dodatek
31%
dziewczyna
31%
dawka
29%
dezodorant
29%
dostatek
29%
dziobak
29%
deser
27%
dno
27%
drogowskaz
27%
dawca
25%
dzbanek
25%
demokracja
23%
diabeł
23%
drożdże
23%
drukarka
23%
dostawca
21%
dowód
21%
dworzec
21%
dzida
21%
dozorca
19%
dziekan
19%
dźwignia
19%
dieta
17%
dokument
17%
drogeria
17%
drops
17%
dystans
17%
dźwięk
17%
delegacja
15%
deskorolka
15%
detoks
13%
dreszcz
13%
drożdżówka
13%
dietetyk
10%
dresy
10%
demonstracja
8%
dominacja
8%
dopamina
8%
dowódca
8%
dziekanat
8%
doradca
6%
drink
6%
duet
6%
dzieciństwo
4%
detergent
2%
dmuchawiec
2%
deltoman
0%
dżdżownicy
0%
Nie znaleziono quizów pasujących do podanych kryteriów
Rozkład punktacji
Procent ludzi z każdym wynikiem
Percentyl według liczby udzielonych odpowiedzi
Twoja historia wyników
Nie rozwiązałeś tego quizu